[Event "AZE-ch (Women)"]
[Site "Baku"]
[Date "2024.02.16"]
[Round "6"]
[White "Valiyeva, Asnad"]
[Black "Nuriyeva, Nurtan"]
[Result "1-0"]
[WhiteElo "1614"]
[BlackElo "1827"]
[PlyCount "173"]
[EventDate "2024.02.11"]
[EventType "swiss"]
[EventRounds "7"]
[EventCountry "AZE"]
[SourceTitle "CB09_2024"]
[SourceDate "2024.02.28"]
[SourceVersion "1"]
[SourceVersionDate "2024.02.28"]
[SourceQuality "1"]

1. d4 d5 2. Bf4 Nf6 3. e3 e6 4. Nf3 a6 5. Bd3 c5 6. c3 Nc6 7. Nbd2 Bd6 8. Bg3 0-0 9. Qe2 Re8 10. Bxd6 Qxd6 11. dxc5 Qxc5 12. e4 e5 13. 0-0 Bg4 14. Rfe1 h6 15. Qf1 Rad8 16. Rac1 Qd6 17. exd5 Qxd5 18. Bc4 Qd6 19. h3 Bh5 20. Rcd1 Qc7 21. Be2 Bg6 22. Nb3 Qb6 23. Rxd8 Rxd8 24. Rd1 Rxd1 25. Bxd1 a5 26. Qe2 a4 27. Nc1 a3 28. b4 e4 29. Nd2 Ne5 30. Bb3 Qc7 31. Qe3 b5 32. Nb1 Qc6 33. Nxa3 Nd3 34. Ne2 Nd5 35. Qd4 N5f4 36. Nxf4 Nxf4 37. Qc5 Qa8 38. Nc2 Qb7 39. Ne3 Nd3 40. Qd6 Kh7 41. h4 Qc8 42. c4 bxc4 43. Bxc4 f5 44. Bxd3 exd3 45. Qxd3 Qa8 46. Qc4 f4 47. Qxf4 Qxa2 48. Kh2 h5 49. Kg3 Qb1 50. Qc4 Qb2 51. Qc5 Qa3 52. Qd4 Qa4 53. Qd6 Qb3 54. Qc5 Qa3 55. Qd4 Qa4 56. Qc5 Qa3 57. Kh2 Qb2 58. Kg3 Qa3 59. Qe7 Qa8 60. Qe5 Qa3 61. b5 Qb3 62. Qd5 Qb4 63. Qe5 Qb3 64. Qc5 Qf7 65. b6 Be4 66. Qc7 Qg6+ 67. Kh2 Qf6 68. b7 Qxh4+ 69. Kg1 Bxb7 70. Qxb7 Qd4 71. Qc7 Qa1+ 72. Kh2 Qf6 73. Qc2+ g6 74. Kg1 Qa1+ 75. Qd1 Qf6 76. Nd5 Qe5 77. Ne3 Kg7 78. Qd7+ Kh6 79. Qd2 Qa1+ 80. Kh2 Qe5+ 81. g3 Kh7 82. Qd5 Qf6 83. Kg2 Qe7 84. Qf3 Kg7 85. Nd5 Qe6 86. Qc3+ Kh6 87. Qe3+ 1-0

[Event "AZE-ch (Women)"]
[Site "Baku"]
[Date "2024.02.12"]
[Round "2"]
[White "Valiyeva, Asnad"]
[Black "Bashirli, Saadat"]
[Result "1/2-1/2"]
[WhiteElo "1614"]
[BlackElo "1608"]
[PlyCount "82"]
[EventDate "2024.02.11"]
[EventType "swiss"]
[EventRounds "7"]
[EventCountry "AZE"]
[SourceTitle "CB09_2024"]
[SourceDate "2024.02.28"]
[SourceVersion "1"]
[SourceVersionDate "2024.02.28"]
[SourceQuality "1"]

1. d4 d5 2. Bf4 c5 3. e3 Nf6 4. dxc5 Nc6 5. Bb5 Qa5+ 6. Nc3 a6 7. Bxc6+ bxc6 8. Qd4 e6 9. b4 Qa3 10. Bc7 a5 11. Nge2 Qxb4 12. Bb6 Nd7 13. Rb1 e5 14. Rxb4 exd4 15. Rxd4 Nxc5 16. e4 Nd7 17. Bc7 Bc5 18. Rd1 Bb4 19. f3 Ba6 20. Kf2 Bxe2 21. Nxe2 dxe4 22. fxe4 Nf6 23. Kf3 0-0 24. Be5 Nxe4 25. Kxe4 Rfe8 26. Kf4 f6 27. Kf3 Rxe5 28. Nd4 Rc8 29. Rd3 Bc5 30. Rhd1 Rce8 31. R1d2 Bd6 32. g3 c5 33. Nc6 Rf5+ 34. Kg2 Bf8 35. Nxa5 Ra8 36. Nc6 Ra6 37. Nb8 Rxa2 38. Rd8 Kf7 39. R8d7+ Kg6 40. Rd8 Be7 41. R8d7 Bf8 1/2-1/2

[Event "Wch U12 Girls"]
[Site "Batumi"]
[Date "2022.09.18"]
[Round "3"]
[White "Valiyeva, Asnad"]
[Black "Cara Romeo, Lavinia"]
[Result "1/2-1/2"]
[WhiteElo "1265"]
[BlackElo "1447"]
[PlyCount "64"]
[EventDate "2022.09.16"]
[EventType "swiss"]
[EventRounds "11"]
[EventCountry "GEO"]
[SourceTitle "EXT 2023"]
[Source "ChessBase"]
[SourceDate "2022.10.05"]
[SourceVersion "1"]
[SourceVersionDate "2022.10.05"]
[SourceQuality "1"]

1. f4 d5 2. Nf3 Bf5 3. e3 Nf6 4. Be2 e6 5. 0-0 Be7 6. b3 0-0 7. Bb2 h6 8. Ne5 c5 9. Bf3 Qc7 10. Ng4 Nbd7 11. Ne5 Rac8 12. Nxd7 Qxd7 13. c3 Rfd8 14. Na3 b5 15. Nc2 Bd6 16. g3 e5 17. fxe5 Bxe5 18. Rc1 Ne4 19. d4 cxd4 20. exd4 Bb8 21. Ne3 Bh7 22. Bg4 f5 23. Nxf5 Qc7 24. Ne3 Nxg3 25. Be6+ Kh8 26. Rf7 Qd6 27. Qg4 Rg8 28. Rd7 Ne2+ 29. Kf1 Qxh2 30. Qxe2 Qh1+ 31. Kf2 Rgf8+ 32. Rf7 Qh4+ 1/2-1/2

[Event "EU-ch Hybrid U10 Girls"]
[Site "Tornelo INT"]
[Date "2021.10.15"]
[Round "7"]
[White "Valiyeva, Asnad"]
[Black "Siskou, Evangelia"]
[Result "1-0"]
[WhiteElo "1173"]
[BlackElo "1341"]
[PlyCount "119"]
[EventDate "2021.10.15"]
[EventType "swiss"]
[EventRounds "9"]
[EventCountry "NET"]
[SourceTitle "EXT 2023"]
[Source "ChessBase"]
[SourceDate "2022.10.05"]
[SourceVersion "1"]
[SourceVersionDate "2022.10.05"]
[SourceQuality "1"]
[WhiteTeam "Azerbaijan"]
[BlackTeam "Greece"]
[WhiteTeamCountry "AZE"]
[BlackTeamCountry "GRE"]

1. d4 Nf6 2. Bf4 d5 3. e3 c5 4. c3 Nc6 5. Nd2 e6 6. Ngf3 Bd6 7. Bxd6 Qxd6 8. Bd3 b6 9. 0-0 0-0 10. Re1 e5 11. dxe5 Nxe5 12. Nxe5 Qxe5 13. e4 Bb7 14. Nf3 Qh5 15. e5 Ne4 16. Nd2 Qxd1 17. Raxd1 f5 18. f3 Nxd2 19. Rxd2 g6 20. f4 a6 21. Be2 Kf7 22. Bf3 Ke6 23. Red1 Rad8 24. c4 Rd7 25. cxd5+ Ke7 26. d6+ Ke6 27. Bxb7 Rxb7 28. d7 Rd8 29. Rd6+ Ke7 30. e6 a5 31. Rc6 Rbb8 32. Kf2 Rf8 33. Ke3 Rfd8 34. Kd3 b5 35. Re1 c4+ 36. Kd4 a4 37. Re2 Rf8 38. Kc5 Rfd8 39. Re5 Rf8 40. Kb4 Rf6 41. Rxb5 Rff8 42. Rxb8 Rxb8+ 43. Kxc4 Rxb2 44. Rc8 Rd2 45. Re8+ Kf6 46. d8Q+ Rxd8 47. Rxd8 Kxe6 48. Ra8 a3 49. Rxa3 Kd6 50. Ra6+ Kc7 51. a4 Kb7 52. Rf6 Ka7 53. a5 Kb7 54. Kb5 Ka7 55. Rf7+ Kb8 56. Kb6 Kc8 57. a6 Kd8 58. a7 Ke8 59. Rxh7 Kd8 60. a8Q# 1-0